Geography by Letter on the World Map - X - Statistics

General Stats
  • This quiz has been taken 560 times
  • The average score is 3 of 10
Answers on the Map
Answers color-coded by a green-red scale on the quiz's map according to % correct below.
 
Answer Stats
Answer % Correct
Xi'an
90%
Xiamen
60%
Xhosa
38%
Xinjiang
32%
Xavier University
29%
Xanthi
21%
Xanadu
20%
Xalapa
11%
Xingu River
10%
Xuebaoding
1%
No matching quizzes found
Score Distribution
Percent of People with Each Score
Percentile by Number Answered
Your Score History
You have not taken this quiz